Ιστορία της Λέσβου

Αποθηκεύτηκε σε:
Λεπτομέρειες βιβλιογραφικής εγγραφής
Κύριος συγγραφέας: Τζιμής, Στρατής
Συγγραφή απο Οργανισμό/Αρχή: Σύνδεσμος Φιλολόγων Λέσβου
Μορφή: Βιβλίο
Γλώσσα:Greek
Δημοσίευση: Μυτιλήνη : 1998
Έκδοση:3η έκδ.
Θέματα:
Ετικέτες: Προσθήκη ετικέτας
Δεν υπάρχουν, Καταχωρήστε ετικέτα πρώτοι!

MARC

LEADER 00000cam a2200000 i 4500
001 1/17308
008 980917s1998 gr | ||| |||| ||gre||
035 |l 10020505 
040 |a GR-MY-UA  |b gre  |e aacr 
041 0 |a gre 
082 0 |a 938.974 
100 1 |a Τζιμής, Στρατής. 
110 2 |a Σύνδεσμος Φιλολόγων Λέσβου. 
245 1 0 |a Ιστορία της Λέσβου /  |c Στρ. Τζιμής ... [κ.ά.] ; Σύνδεσμος Φιλολόγων Ν. Λέσβου 
250 |a 3η έκδ. 
260 |a Μυτιλήνη :   |c 1998 
300 |a 318 σ.  |b φωτ. 
504 |a Περιέχει βιβλιογραφικές παραπομπές και ευρετήριο 
651 0 |a Lesbos Island (Greece)  |x History. 
852 |a INST  |b LESVOS  |e 19980917  |h 938.974 ΙΣΤ  |p 005100013163  |q 005100013163  |t BK  |y 0 
852 |a INST  |b LESVOS  |e 19980917  |h 938.974 ΙΣΤ  |p 005100013164  |q 005100013164  |t BK  |y 0 
901 |a BIBL-1998-3 
909 |a Λ  |b 009011 
909 |a Λ  |b 009012 
922 |a 1ΔΩΡ  |b 199809  |c Σύνδεσμος Φιλολόγων Ν. Λέσβου